The land has memory (Record no. 57742)
[ view plain ]
| 000 -LEADER | |
|---|---|
| fixed length control field | 01750nam a2200361Ia 4500 |
| 245 04 - TITLE STATEMENT | |
| Title | The land has memory |
| 250 ## - EDITION STATEMENT | |
| Edition statement | 1st ed. |
| 260 ## - PUBLICATION, DISTRIBUTION, ETC. (IMPRINT) | |
| Place of publication | Chapel Hill : |
| Name of publisher | University of North Carolina Press in association with the National Museum of the American Indian, Smithsonian Institution, |
| Year of publication | c2008. |
| 300 ## - PHYSICAL DESCRIPTION | |
| Number of Pages | xv, 166 p. : |
| Other physical details | ill. |
| 650 #0 - SUBJECT ADDED ENTRY--TOPICAL TERM | |
| Topical Term | Indians of North America |
| Topical Term | Ethnobotany |
| Topical Term | Landscape gardening |
| 700 1# - ADDED ENTRY--PERSONAL NAME | |
| Personal name | Blue Spruce, Duane. |
| Personal name | Thrasher, Tanya. |
| 856 40 - ELECTRONIC LOCATION AND ACCESS | |
| Uniform Resource Identifier | http://site.ebrary.com/lib/rucke/Doc?id=10313955 |
No items available.
